000
00280nam a2200109Ia 4500
008
240109s9999 xx 000 0 und d
041
_a
eng
100
_a
Raymond J.Taylor.
245
_a
Company Seeretarial Practice and Law.
260
_b
Cassell London.
650
_a
Management
999
_c
1020003
_d
1020003